00573nam a2200205Ia 4500008004100000050001800041050001400059100001900073245003900092245006800131245001800199250002000217260001300237260001200250260000900262300001600271300002000287300001100307650004900318180523s9999 xx 000 0 und d aMAIN BV 825.5 b.H67 1987 aHorst, Rudolf. 0aOne bread, one body, one people :  0btowards a deeper understanding of the eucharistic celebration / 0cRudolf Horst. aRevised Edition aManila : b[s.n.], c1987 a188 pages : billustrations ; c20 cm. aEucharist -- Celebration -- Catholic Church.